[Event "St Petersburg Autumn op"]
[Site "St Petersburg"]
[Date "2011.10.31"]
[Round "4"]
[White "Ivkina, Olga"]
[Black "Pshenichny, Vladimir"]
[Result "1-0"]
[WhiteElo "2296"]
[BlackElo "2024"]
[PlyCount "91"]
[EventDate "2011.10.28"]
[EventType "swiss"]
[EventRounds "9"]
[EventCountry "RUS"]
[SourceTitle "EXT 2013"]
[Source "ChessBase"]
[SourceDate "2012.11.22"]
[SourceVersion "1"]
[SourceVersionDate "2012.11.22"]
[SourceQuality "1"]

1. e4 c5 2. Nf3 Nc6 3. d4 cxd4 4. Nxd4 e6 5. Nc3 a6 6. Nxc6 bxc6 7. Bd3 d6 8. 0-0 Be7 9. f4 Qc7 10. e5 d5 11. Qe2 Bc5+ 12. Kh1 Bd4 13. Na4 Qa5 14. c3 Ba7 15. b3 Ne7 16. Be3 Bxe3 17. Qxe3 Nf5 18. Qb6 Qxb6 19. Nxb6 Rb8 20. Nxc8 Rxc8 21. Bxa6 Rb8 22. a4 Ke7 23. Rab1 d4 24. Rfc1 Rhd8 25. Bd3 Ne3 26. c4 c5 27. a5 Ra8 28. b4 cxb4 29. Rxb4 Rxa5 30. c5 Rc8 31. Rb7+ Kd8 32. Rxf7 Raxc5 33. Rf8+ Kd7 34. Bb5+ Rxb5 35. Rfxc8 Rb7 36. R8c6 Nd5 37. f5 d3 38. Rd6+ Ke7 39. Rxe6+ Kf7 40. Rd6 d2 41. Rd1 Rb5 42. Kg1 Ne3 43. e6+ Ke8 44. R1xd2 Rxf5 45. Rf2 Rc5 46. Rf7 1-0

[Event "St Petersburg Botvinnik 100 op"]
[Site "St Petersburg"]
[Date "2011.08.20"]
[Round "9"]
[White "Pshenichny, Vladimir"]
[Black "Dzhavathanov, Magomed"]
[Result "1/2-1/2"]
[WhiteElo "2025"]
[BlackElo "1794"]
[PlyCount "96"]
[EventDate "2011.08.12"]
[EventType "swiss"]
[EventRounds "9"]
[EventCountry "RUS"]
[SourceTitle "CBM 143 Extra"]
[Source "ChessBase"]
[SourceDate "2011.08.29"]
[SourceVersion "1"]
[SourceVersionDate "2011.08.29"]
[SourceQuality "1"]

1. c4 Nf6 2. Nc3 g6 3. g3 Bg7 4. Bg2 0-0 5. e4 d6 6. d4 Nc6 7. Nge2 e5 8. d5 Ne7 9. h3 a5 10. Be3 Nd7 11. 0-0 f5 12. Qd2 b6 13. Bh6 Nc5 14. Bxg7 Kxg7 15. Kh2 Ng8 16. f4 Nf6 17. Qe3 exf4 18. Nxf4 fxe4 19. Qd4 Qe7 20. Rae1 Qe5 21. Qd1 Bf5 22. Re3 h5 23. Kg1 Rae8 24. Qe2 Re7 25. Qd1 Ra8 26. b3 Rae8 27. Nb5 Kh6 28. Nd4 Bd7 29. a3 g5 30. b4 axb4 31. axb4 Nd3 32. Nfe6 Bxe6 33. Nxe6 Nxb4 34. Bxe4 Nxe4 35. Qe2 Nxg3 36. Qf3 g4 37. hxg4 hxg4 38. Qf2 Rf7 39. Qh2+ Kg6 40. Rxe5 Rxf1+ 41. Kg2 dxe5 42. Qh4 Rg8 43. Kxg3 Nd3 44. Qg5+ Kf7 45. Qh5+ Rg6 46. Qh7+ Kf6 47. Qh8+ Kf5 48. Qh5+ Kf6 1/2-1/2

[Event "St Petersburg Botvinnik 100 op"]
[Site "St Petersburg"]
[Date "2011.08.14"]
[Round "3"]
[White "Pshenichny, Vladimir"]
[Black "Rykov, Ivan S"]
[Result "1-0"]
[WhiteElo "2025"]
[BlackElo "1759"]
[PlyCount "61"]
[EventDate "2011.08.12"]
[EventType "swiss"]
[EventRounds "9"]
[EventCountry "RUS"]
[SourceTitle "CBM 143 Extra"]
[Source "ChessBase"]
[SourceDate "2011.08.29"]
[SourceVersion "1"]
[SourceVersionDate "2011.08.29"]
[SourceQuality "1"]

1. c4 e5 2. Nc3 Nf6 3. g3 Nc6 4. Bg2 Be7 5. d3 0-0 6. e4 d6 7. Nge2 h6 8. 0-0 Nh7 9. Be3 f5 10. Qd2 fxe4 11. dxe4 Ng5 12. f4 exf4 13. gxf4 Nh7 14. Nd5 Nf6 15. Rae1 Ng4 16. Nec3 Bh4 17. Rd1 Nxe3 18. Qxe3 Be6 19. e5 Qc8 20. exd6 cxd6 21. Ne4 Rd8 22. Ng3 Bg4 23. Rde1 Re8 24. Qd3 Rxe1 25. Rxe1 Qd7 26. Qg6 Ne7 27. Nxe7+ Bxe7 28. Bd5+ Kh8 29. Be4 Kg8 30. Qh7+ Kf7 31. Bd5+ 1-0

[Event "St Petersburg Spring op"]
[Site "St Petersburg"]
[Date "2011.03.25"]
[Round "3"]
[White "Tarasov, Ilya"]
[Black "Pshenichny, Vladimir"]
[Result "1-0"]
[WhiteElo "1960"]
[BlackElo "2028"]
[PlyCount "97"]
[EventDate "2011.03.23"]
[EventType "swiss"]
[EventRounds "9"]
[EventCountry "RUS"]
[SourceTitle "CBM 141 Extra"]
[Source "ChessBase"]
[SourceDate "2011.05.03"]
[SourceVersion "1"]
[SourceVersionDate "2011.05.03"]
[SourceQuality "1"]

1. d4 Nf6 2. c4 e6 3. Nf3 b6 4. a3 Bb7 5. Nc3 Be7 6. d5 exd5 7. cxd5 d6 8. e4 0-0 9. Bd3 c5 10. 0-0 Nbd7 11. Bf4 Re8 12. h3 a6 13. a4 Bf8 14. Re1 Ne5 15. Nxe5 dxe5 16. Bg5 Be7 17. f4 Nd7 18. Bxe7 Qxe7 19. f5 Qg5 20. Qg4 Qxg4 21. hxg4 Rec8 22. b3 h6 23. Kf2 Nf6 24. Kg3 Nh7 25. Nd1 f6 26. Ne3 Nf8 27. Rec1 Nd7 28. Nc4 Rcb8 29. a5 b5 30. Nb6 Nxb6 31. axb6 Bc8 32. Rxc5 Rxb6 33. Rxb5 Rab8 34. Rxb6 Rxb6 35. Bc4 Kf8 36. Kf3 Ke7 37. Ke3 Kd6 38. Ra5 Kc7 39. Kd3 Kb7 40. Kc3 Bd7 41. b4 Be8 42. Be2 Bd7 43. b5 axb5 44. Kb4 Kc7 45. Bxb5 Bc8 46. Kc5 Rb8 47. Ra7+ Rb7 48. d6+ Kd8 49. Ra8 1-0

[Event "St Petersburg Autumn op"]
[Site "St Petersburg"]
[Date "2010.10.20"]
[Round "5"]
[White "Pshenichny, Vladimir"]
[Black "Katyshkina, Anastasia"]
[Result "1-0"]
[WhiteElo "2013"]
[BlackElo "1887"]
[PlyCount "73"]
[EventDate "2010.10.16"]
[EventType "swiss"]
[EventRounds "9"]
[EventCountry "RUS"]
[SourceTitle "EXT 2011"]
[Source "ChessBase"]
[SourceDate "2010.11.26"]
[SourceVersion "1"]
[SourceVersionDate "2010.11.26"]
[SourceQuality "1"]

1. c4 Nf6 2. Nc3 g6 3. g3 Bg7 4. Bg2 0-0 5. e4 d6 6. Nge2 c5 7. 0-0 Nc6 8. Rb1 a5 9. d3 Ne8 10. Be3 h5 11. d4 cxd4 12. Nxd4 Ne5 13. b3 Ng4 14. Bc1 Qb6 15. Nde2 Nef6 16. h3 Ne5 17. Be3 Qd8 18. f4 Nc6 19. Nd5 Nxd5 20. cxd5 Nb8 21. Kh2 Nd7 22. f5 Ne5 23. Nf4 Kh7 24. Bd4 h4 25. gxh4 Bh6 26. Nd3 Nxd3 27. Qxd3 gxf5 28. exf5 f6 29. Be3 Bxe3 30. Qxe3 Rg8 31. Be4 Qf8 32. Rg1 Rxg1 33. Rxg1 Bd7 34. Bd3 a4 35. b4 Re8 36. Rg6 Rc8 37. Qe2 1-0

[Event "St Petersburg Autumn op"]
[Site "St Petersburg"]
[Date "2010.10.16"]
[Round "1"]
[White "Pshenichny, Vladimir"]
[Black "Gavrikov, Viktor1111"]
[Result "1-0"]
[WhiteElo "2013"]
[BlackElo "1543"]
[PlyCount "67"]
[EventDate "2010.10.16"]
[EventType "swiss"]
[EventRounds "9"]
[EventCountry "RUS"]
[SourceTitle "EXT 2011"]
[Source "ChessBase"]
[SourceDate "2010.11.26"]
[SourceVersion "1"]
[SourceVersionDate "2010.11.26"]
[SourceQuality "1"]

1. c4 Nf6 2. Nc3 c5 3. g3 e6 4. e4 d6 5. Bg2 Nbd7 6. Nge2 a6 7. 0-0 Be7 8. d4 cxd4 9. Qxd4 Qc7 10. b3 Ne5 11. Bb2 b6 12. Rad1 Bb7 13. Na4 Ned7 14. Rc1 Nc5 15. Nxc5 bxc5 16. Qd3 Rd8 17. Rcd1 0-0 18. Nf4 g5 19. Nh3 h6 20. f4 d5 21. exd5 exd5 22. fxg5 Ng4 23. cxd5 hxg5 24. Qc3 f6 25. Nxg5 Bc8 26. d6 Rxd6 27. Bd5+ Rxd5 28. Rxd5 Qc6 29. Qc4 Ne3 30. Qe4 fxg5 31. Rxg5+ Bxg5 32. Rxf8+ Kxf8 33. Qxc6 Bh3 34. Qxc5+ 1-0

[Event "St Petersburg Autumn op"]
[Site "St Petersburg"]
[Date "2009.??.??"]
[Round "6"]
[White "Katyshkina, Anastasia"]
[Black "Pshenichny, Vladimir"]
[Result "1-0"]
[WhiteElo "1800"]
[BlackElo "2040"]
[PlyCount "93"]
[EventDate "2009.10.??"]
[EventType "swiss"]
[EventRounds "9"]
[EventCountry "RUS"]
[SourceTitle "EXT 2011"]
[Source "ChessBase"]
[SourceDate "2010.11.26"]
[SourceVersion "1"]
[SourceVersionDate "2010.11.26"]
[SourceQuality "1"]

1. e4 c5 2. Nf3 d6 3. d4 cxd4 4. Nxd4 Nf6 5. Nc3 a6 6. h3 e5 7. Nb3 Be6 8. g4 d5 9. Bg2 d4 10. Ne2 Nc6 11. 0-0 Bxb3 12. axb3 Bc5 13. Ng3 h6 14. Nf5 g5 15. Qf3 Nd7 16. Ng7+ Ke7 17. Qf5 Qg8 18. Nh5 Qg6 19. Qf3 Nf6 20. Ng3 Kf8 21. Re1 h5 22. gxh5 Nxh5 23. Nxh5 Rxh5 24. Bd2 Ne7 25. Ra4 Kg7 26. Qg3 f6 27. Rc4 Bd6 28. Rxd4 exd4 29. Qxd6 Nc6 30. Qd7+ Qf7 31. Qg4 Rah8 32. f4 Rh4 33. Qg3 Qg6 34. fxg5 fxg5 35. Rf1 Rf8 36. Re1 Rh5 37. e5 g4 38. Be4 Qe6 39. Bd5 Qg6 40. hxg4 Rhh8 41. e6 Qxc2 42. Qc7+ Kf6 43. g5+ Kf5 44. Qf4+ Kg6 45. Be4+ Kh5 46. Qh2+ Kg4 47. Qg2+ 1-0

[Event "St Petersburg Autumn op"]
[Site "St Petersburg"]
[Date "2009.??.??"]
[Round "2"]
[White "Pshenichny, Vladimir"]
[Black "De Luna Butz, Alberto"]
[Result "1/2-1/2"]
[WhiteElo "2040"]
[BlackElo "1795"]
[PlyCount "48"]
[EventDate "2009.10.??"]
[EventType "swiss"]
[EventRounds "9"]
[EventCountry "RUS"]
[SourceTitle "EXT 2011"]
[Source "ChessBase"]
[SourceDate "2010.11.26"]
[SourceVersion "1"]
[SourceVersionDate "2010.11.26"]
[SourceQuality "1"]

1. c4 Nf6 2. Nc3 c6 3. e4 d5 4. e5 d4 5. exf6 dxc3 6. fxg7 cxd2+ 7. Qxd2 Qxd2+ 8. Bxd2 Bxg7 9. 0-0-0 Bf5 10. Nf3 Nd7 11. Be3 Nb6 12. b3 0-0 13. Bd3 Bg4 14. h3 Bh5 15. g4 Bg6 16. Bxg6 hxg6 17. Rhe1 e6 18. g5 Rad8 19. Bc5 Rfe8 20. Bd6 Rd7 21. Be5 Red8 22. Bxg7 Rxd1+ 23. Rxd1 Rxd1+ 24. Kxd1 Kxg7 1/2-1/2

[Event "St Petersburg Autumn op"]
[Site "St Petersburg"]
[Date "2009.??.??"]
[Round "5"]
[White "Pshenichny, Vladimir"]
[Black "Feofanov, Denis"]
[Result "0-1"]
[WhiteElo "2040"]
[BlackElo "2330"]
[PlyCount "56"]
[EventDate "2009.10.??"]
[EventType "swiss"]
[EventRounds "9"]
[EventCountry "RUS"]
[SourceTitle "EXT 2011"]
[Source "ChessBase"]
[SourceDate "2010.11.26"]
[SourceVersion "1"]
[SourceVersionDate "2010.11.26"]
[SourceQuality "1"]

1. c4 e6 2. Nc3 d5 3. d4 Nf6 4. Nf3 Be7 5. Bg5 0-0 6. e3 Nbd7 7. Bd3 dxc4 8. Bxc4 c5 9. 0-0 a6 10. a3 b5 11. Bb3 Bb7 12. dxc5 Nxc5 13. Bc2 Qb6 14. Ne5 h6 15. Bh4 b4 16. axb4 Qxb4 17. Ng4 Qxb2 18. Na4 Nxa4 19. Qd3 Rfc8 20. Nxf6+ Bxf6 21. Qh7+ Kf8 22. Bxf6 Qxf6 23. Rxa4 Qg5 24. g3 f5 25. e4 Rxc2 26. exf5 Rc1 27. fxe6 Rxf1+ 28. Kxf1 Qb5+ 0-1

[Event "St Petersburg Autumn op"]
[Site "St Petersburg"]
[Date "2009.??.??"]
[Round "7"]
[White "Pshenichny, Vladimir"]
[Black "Kharlamov, Igor1111"]
[Result "1-0"]
[WhiteElo "2040"]
[BlackElo "1960"]
[PlyCount "100"]
[EventDate "2009.10.??"]
[EventType "swiss"]
[EventRounds "9"]
[EventCountry "RUS"]
[SourceTitle "EXT 2011"]
[Source "ChessBase"]
[SourceDate "2010.11.26"]
[SourceVersion "1"]
[SourceVersionDate "2010.11.26"]
[SourceQuality "1"]

1. c4 Nf6 2. Nc3 e6 3. d4 d5 4. Nf3 c5 5. Bg5 cxd4 6. Nxd4 Be7 7. cxd5 Nxd5 8. Bxe7 Nxe7 9. e4 a6 10. Bd3 0-0 11. e5 Nbc6 12. Nxc6 bxc6 13. 0-0 Ng6 14. Bxg6 hxg6 15. Qxd8 Rxd8 16. Rad1 Bb7 17. Ne4 Rd5 18. Nd6 Rb8 19. Rxd5 cxd5 20. Rc1 d4 21. f4 Bd5 22. b3 a5 23. Rc8+ Rxc8 24. Nxc8 Kf8 25. Nb6 Bc6 26. Kf2 Ke7 27. a4 Be4 28. Nc4 Kd7 29. Nxa5 Kc7 30. Ke2 Kb6 31. b4 Bc2 32. Nc4+ Kc7 33. a5 Be4 34. b5 f6 35. g3 g5 36. Nd6 Bg2 37. Kd3 gxf4 38. gxf4 fxe5 39. fxe5 g5 40. Kxd4 g4 41. Kc5 Bf1 42. a6 Kb8 43. Kc6 Bg2+ 44. Kd7 Bd5 45. b6 Ka8 46. b7+ Kb8 47. a7+ Kxa7 48. Kc7 Bxb7 49. Nxb7 Ka6 50. Nc5+ Kb5 1-0